Joueurs Eleven All Stars 2 - Statistiques

Statistiques générales
  • Ce quiz a été pris 16 fois
  • Le résultat moyen est 16 sur 23
Statistiques - réponses
Réponse % Correct
Aminematue
100%
Inoxtag
93%
Michou
93%
Djilsi
80%
Said
80%
SDM
80%
Alonz
73%
Carlito
73%
Domingo
73%
Tonton
73%
Yannou
73%
Zack Nani
73%
Boumé
67%
Cocottee
67%
Squeezie
67%
Yassencore
67%
Brawks
60%
Kameto
60%
PFUT
53%
Pitchaddict
53%
Qassimiento
53%
Nico La
27%
Loly
13%
Aucun quiz correspondant
Distribution des résultats
% des personnes avec chaque résultat
Percentile par nombre de réponses
Votre historique - résultats
Vous n’avez pas pris ce quiz